000 01910cam a22004574i 4500
003 PE-LiUPU
005 20250731172917.0
008 150617s r 000 0 d
035 _a(Sirsi) a18948
040 _aPE-LiUPU
_bspa
_cPE-LiUPU
_erda
049 _aPRUA
082 0 4 _a266.09
_bH58
_221
100 1 _aHitt, Russell T,
_eautor.
245 1 0 _aJungle Pilot :
_bThe life and witness of nate saint /
_cRussell T. Hitt.
264 1 _aNew York :
_bHarper & Brothers,
_c1959.
300 _a303 páginas ;
_c21 cm
336 _atext
_2rdacontent
337 _aunmediated
_2rdamedia
338 _avolume
_2rdacarrier
505 0 _a"Tacasta!" -- In the eagle's nest -- Boy in hurry -- Evolution of a yardbird -- Shattering of a dream -- A voice from heaven -- Missionary in Khaki -- Mountaintop encounter -- Ordeal in Mexico -- College for a year -- Twosome to Ecuador -- Crash at Quito -- Crusade for safety -- Log of a jungle pilot -- Corridor between the clouds -- Shell Merita -- Chupientsa -- Odyssey by air -- Oasis in Jivaria -- Cangaime airstripáginas -Referee in a war -- Jungle handyman -- Operation auca -- Curaray sandbar.
526 _aSEG42
526 _aSEG41
526 _aSEG40
526 _aSEG39
526 _aP94
526 _aP87
526 _aP86
526 _aP85
526 _aP77
526 _aP76
526 _aP35
600 1 _aSaint, Nathaniel.
_d1923-1956
650 0 4 _aMisiones
_zEcuador.
910 _ajck
_bjvq
_cjck
_d20150616
942 _2ddc
_cBOOK
949 _a266.09 H58
_wDEWEY
_c1
_i16764
_lCCODEBUL1
_mBUL
_p00.00
_r0
_sY
_tBOOK
_u19790804
_xTEOLOGIA
_PP35
_0COMPRA
_o.STAFF. Colección General
994 _aC0
_bPEPRU
596 _a1
999 _a266.09 H58
_wDEWEY
_c18696
_i16764
_f2021-11-10
_g5
_lCCODEBUL1
_mBUL
_r0
_sY
_tBOOK
_u2015-6-17
_xTEOLOGIA
_PP35
_0COMPRA
_o.STAFF. Colección General
_d18696
980 _81
_gALBERTO SANCHEZ Responsable de Automatización